| 000 | nam a22 7a 4500 | ||
|---|---|---|---|
| 999 |
_c233186 _d233186 |
||
| 003 | Nust | ||
| 005 | 20170304153930.0 | ||
| 008 | 170304b xxu||||| |||| 00| 0 eng d | ||
| 020 | _a969-00-1377-7 | ||
| 040 | _cDLC | ||
| 082 | _a297 SID | ||
| 245 |
_aThe role of Islam in the twenty-first century : _cSiddiqi, Safdar Hasan. |
||
| 260 |
_aLahore : _bFerozsons, |
||
| 300 |
_a130 p. ; _c22 cm. |
||
| 942 |
_2ddc _cBK |
||